00698 2200229 4500001002100000005001700021008004100038035002400079082001000103090002100113100001100134245009800145260002800243300003000271500007600301500002500377650002700402850000900429985000600438986000900444999001500453YOGYA-0209000007245120090227093626.0 ind  0010-020900000072451 a025.5 a025.5bDas PlSK aDASAAT aPelayanan dan pengadaan bahan pustaka di Perpustakaan Daerah Istimewa Yogyakartacoleh Dasaat aYogyakartab[s.n]c1998 ax,43[8]lembarbilusc30cm aLaporan praktek kerja lapangan program analis komputer IKMII yogyakarta aBibiografi:lembar 43 aPerpustakaan,pelayanan aBPAD a1 aHeru a08A0036503